000 00277nam a22001217a 4500
008 180831b xxu||||| |||| 00| 0 eng d
041 _aeng
080 _a621
100 _a26
101 _aMEK
245 _aMicrowave Antenna Theory and Design
_cRidenour,L.N
942 _2udc
_cBK
999 _c47422
_d47422